000 00612nam a2200169Ia 4500
003 GCL
008 140319s9999 xx 000 0 ara d
040 _aGCL /
_cGCL
082 0 4 _a189
_bع ف
100 1 _aعباس محمود العقاد
245 1 0 _aالفلسفة القرانية 0كتاب من مباحث الفلسفة الروحية الاجتماعية التى وردت موضوعاتها فى ايات الكتاب الكريم /
_cعباس محمود العقاد
300 _a168 ص
490 _a
650 0 4 _aالفلسفة الاسلامية
650 0 4 _aالفلسفة
942 _2ddc
_cBK
999 _c44454
_d44454